Organizational change through effective leadership / (Record no. 12560)

000 -LEADER
fixed length control field 00911pam a2200277 a 4500
001 - CONTROL NUMBER
control field 3333714
005 - DATE AND TIME OF LATEST TRANSACTION
control field 20170427140046.0
008 - FIXED-LENGTH DATA ELEMENTS--GENERAL INFORMATION
fixed length control field 851101s1986 nju b 001 0 eng
010 ## - LIBRARY OF CONGRESS CONTROL NUMBER
LC control number 85028136
020 ## - INTERNATIONAL STANDARD BOOK NUMBER
International Standard Book Number 0136413900 (pbk.)
040 ## - CATALOGING SOURCE
Original cataloging agency DLC
Transcribing agency DLC
Modifying agency DLC
050 00 - LIBRARY OF CONGRESS CALL NUMBER
Classification number HD58.8.G83 1986
Item number .G83 1986
082 00 - DEWEY DECIMAL CLASSIFICATION NUMBER
Edition number 19
100 1# - MAIN ENTRY--PERSONAL NAME
Personal name Guest, Robert H.
245 10 - TITLE STATEMENT
Title Organizational change through effective leadership /
Statement of responsibility, etc. Robert H. Guest
250 ## - EDITION STATEMENT
Edition statement 2nd ed.
260 ## - PUBLICATION, DISTRIBUTION, ETC. (IMPRINT)
Place of publication, distribution, etc. Englewood Cliffs, N.J. :
Name of publisher, distributor, etc. Prentice-Hall,
Date of publication, distribution, etc. c1986.
300 ## - PHYSICAL DESCRIPTION
Extent xiii, 235 p. ;
Dimensions 23 cm.
500 ## - GENERAL NOTE
General note Includes index.
504 ## - BIBLIOGRAPHY, ETC. NOTE
Bibliography, etc Bibliography: p. 225-232.
650 #0 - SUBJECT ADDED ENTRY--TOPICAL TERM
Topical term or geographic name as entry element Organizational change
General subdivision Case studies.
700 1# - ADDED ENTRY--PERSONAL NAME
Personal name Hersey, Paul.
700 1# - ADDED ENTRY--PERSONAL NAME
Personal name Blanchard, Kenneth H.
906 ## - LOCAL DATA ELEMENT F, LDF (RLIN)
a 7
b cbc
c orignew
d 1
e ocip
f 19
g y-gencatlg
942 ## - ADDED ENTRY ELEMENTS (KOHA)
Source of classification or shelving scheme
Koha item type Hard Covered Materials
Classification part HD58.8.G83 1986
Holdings
Withdrawn status Lost status Source of classification or shelving scheme Damaged status Not for loan Home library Current library Shelving location Date acquired Total Checkouts Full call number Barcode Date last seen Price effective from Koha item type Source of acquisition
          MACHAKOS UNIVERSITY LIBRARY MACHAKOS UNIVERSITY LIBRARY Open shelf 05/08/2016   HD58.8.G83 1986 4419 05/08/2016 05/08/2016 Hard Covered Materials  
          MACHAKOS UNIVERSITY LIBRARY MACHAKOS UNIVERSITY LIBRARY Open shelf 27/04/2017   HD58.8.G83 1986 4448 27/04/2017 27/04/2017 Hard Covered Materials Purchase
© Machakos University Library, Along The Highway, Machakos Wote Rd, Machakos, Kenya P.O. Box 136 - 90100 Machakos - Kenya

Tel: ( +254 ) 723 805829 OR Fax : 044-20353 OR Email: library@mksu.ac.ke